000 00454nam a2200169Ia 4500
003 LDD
008 190117s9999 xx 000 0 und d
020 _c₹150
040 _cLDD
041 _ahi
082 _a8H3.7 भा6442
100 _aबलराम
245 0 _aभारतीय लघुकथा कोश भाग 1-2
_cबलराम
260 _aदिल्ली
_bदिनमान
_c1989
300 _a(vi?)
942 _2ddc
_cH
999 _c164606
_d164606